[Event "Mechanics' Fall TNM; G/2"]
[Site "San Francisco"]
[Date "2015.10.20"]
[Round "1.30"]
[White "Greene, Sammy"]
[Black "Alzhin, Leonid"]
[Result "0-1"]
[WhiteElo "677"]
[BlackElo "1763"]
[PlyCount "80"]
[EventDate "2015.??.??"]

1. e4 e5 2. Nf3 Nc6 3. Bb5 d6 4. Nc3 a6 5. Bxc6+ bxc6 6. d3 Be7 7. Be3 Nf6 8.
h3 O-O 9. Qd2 Bb7 10. Ne2 Nd7 11. c3 d5 12. Ng3 c5 13. Nf5 Bf6 14. exd5 Bxd5
15. d4 cxd4 16. cxd4 e4 17. Nh2 Nb6 18. b3 Qd7 19. g4 Qe6 20. h4 c5 21. dxc5
Bxa1 22. cxb6 Rac8 23. Ke2 Bc4+ 24. Ke1 Bb5 25. Qd6 Bc3+ 26. Bd2 Bxd2+ 27. Qxd2
Rcd8 28. Qc3 Qf6 29. Qxf6 gxf6 30. g5 fxg5 31. Rg1 f6 32. hxg5 Kh8 33. gxf6
Rxf6 34. Ne7 Rxb6 35. Ng4 Re6 36. Nf5 Rg6 37. Ne7 Rg5 38. Rg3 Bd7 39. f3 exf3
40. Kf2 Bxg4 0-1

[Event "Mechanics' Leighton Allen TNM; G/2"]
[Site "San Francisco"]
[Date "2015.09.29"]
[Round "9.37"]
[White "Greene, Sammy"]
[Black "Gomboluudev, Enkhj"]
[Result "1-0"]
[WhiteElo "677"]
[BlackElo "1416"]
[PlyCount "64"]
[EventDate "2015.??.??"]

1. d4 d5 2. c4 c6 3. Nc3 Nf6 4. e3 e6 5. a3 Nbd7 6. Be2 dxc4 7. Bxc4 b5 8. Ba2
Bb7 9. Nf3 a6 10. b4 Be7 11. Bb2 O-O 12. O-O a5 13. Qb3 axb4 14. axb4 Nb6 15.
Nd2 Qd6 16. Ba3 Ng4 17. Nf3 Nc4 18. Ne4 Qc7 19. Bc1 Ra4 20. Nc5 Raa8 21. Nxb7
Qxb7 22. Qc3 Ra4 23. Bxc4 Bxb4 24. Qb2 Rxa1 25. Qxa1 bxc4 26. h3 Nf6 27. Bb2
Ra8 28. Qc1 Ra2 29. Qb1 Qa6 30. Bc3 Bd6 31. Ne5 Nd5 32. Ba1 Ra3 {Black is much
better here but later lost on time. Remaining moves not available.} 1-0

[Event "Mechanics' Leighton Allen TNM; G/2"]
[Site "San Francisco"]
[Date "2015.09.22"]
[Round "8.38"]
[White "Greene, Sammy"]
[Black "Olson, David R"]
[Result "0-1"]
[WhiteElo "677"]
[BlackElo "1400"]
[PlyCount "48"]
[EventDate "2015.??.??"]

1. d4 Nf6 2. c4 g6 3. Nc3 Bg7 4. e4 d6 5. Be2 O-O 6. Nf3 b6 7. O-O Bb7 8. Qc2
Nc6 9. Bd2 e5 10. dxe5 Nxe5 11. Nxe5 dxe5 12. f4 exf4 13. Bxf4 Qe7 14. Bf3 Qc5+
15. Kh1 Qxc4 16. b3 Qc5 17. Rae1 Nxe4 18. Be3 Qxc3 19. Qxc3 Bxc3 20. Re2 Ba6
21. Bxe4 Bxe2 22. Rf4 Rad8 23. a3 Rd1+ 24. Bg1 Bd4 0-1

[Event "Mechanics' Fall TNM; G/2"]
[Site "San Francisco"]
[Date "2015.11.03"]
[Round "3.27"]
[White "Greene, Sammy"]
[Black "Paquette, James"]
[Result "0-1"]
[WhiteElo "677"]
[BlackElo "1620"]
[PlyCount "40"]
[EventDate "2015.??.??"]

1. e4 g6 2. d4 Bg7 3. Nf3 c5 4. Be3 Qa5+ 5. Nc3 d6 6. Be2 Nc6 7. O-O Nf6 8. Nd2
cxd4 9. Nb3 Qb6 10. Na4 Qc7 11. Nxd4 Nxe4 12. Bf3 Nf6 13. Nc3 O-O 14. Qe2 Nxd4
15. Bxd4 e5 16. Nb5 Qd7 17. Bc3 e4 18. Bxf6 exf3 19. Qxf3 Qxb5 20. Bxg7 Kxg7
0-1

[Event "Mechanics' Winter TNM; 30/90, SD/30"]
[Site "San Francisco"]
[Date "2015.02.17"]
[Round "7.18"]
[White "Grey, Peter"]
[Black "Bachseitz, Martin"]
[Result "1/2-1/2"]
[WhiteElo "2006"]
[BlackElo "1712"]
[PlyCount "73"]
[EventDate "2015.??.??"]

1. e4 c6 2. d4 d5 3. Nc3 dxe4 4. Nxe4 Bf5 5. Ng3 Bg6 6. h4 h6 7. Nf3 Nd7 8. h5
Bh7 9. Bd3 Bxd3 10. Qxd3 e6 11. Bd2 Be7 12. O-O-O Ngf6 13. Kb1 O-O 14. c4 c5
15. Bc3 cxd4 16. Bxd4 Nc5 17. Qe2 Qc8 18. Nf5 exf5 19. Qxe7 Ncd7 20. Bxf6 Nxf6
21. Ne5 Qe6 22. Qxe6 fxe6 23. Nd7 Nxd7 24. Rxd7 Rf7 25. Rhd1 Rc8 26. b3 Rc7 27.
Rd8+ Rf8 28. f4 Rxd8 29. Rxd8+ Kf7 30. Kc2 Ke7 31. Rd3 a5 32. Kd2 Rc6 33. Ke3
Kf6 34. Kf3 g6 35. hxg6 Kxg6 36. Rd4 b6 37. a3 1/2-1/2

[Event "Mechanics' Spring TNM; G/2"]
[Site "San Francisco"]
[Date "2015.04.14"]
[Round "5.4"]
[White "Grey, Peter"]
[Black "Fuentes, Romulo"]
[Result "0-1"]
[WhiteElo "2000"]
[BlackElo "2225"]
[PlyCount "100"]
[EventDate "2015.??.??"]

1. d4 Nf6 2. c4 e6 3. Nf3 c5 4. d5 exd5 5. cxd5 Bd6 6. Nc3 O-O 7. Bg5 Re8 8. e3
h6 9. Bh4 a6 10. a4 Bf8 11. d6 Re6 12. Bc4 Rxd6 13. Qb3 Re6 14. Bxe6 fxe6 15.
e4 Qa5 16. O-O Qb4 17. Qc2 Nc6 18. Bxf6 gxf6 19. e5 f5 20. Rad1 b6 21. Rfe1 Qg4
22. h3 Qg7 23. Qd2 Nb4 24. Qf4 Bb7 25. Re3 Nc2 26. Red3 Nd4 27. Ne1 Kh7 28. Rg3
Qf7 29. Rgd3 Bc6 30. Rxd4 cxd4 31. Rxd4 Bc5 32. Rd3 Rg8 33. Rg3 Rxg3 34. Qxg3
Qg6 35. Qxg6+ Kxg6 36. Nd3 d6 37. exd6 Bxd6 38. f4 Kf6 39. g3 h5 40. Kf2 Bc7
41. b4 Bb7 42. b5 a5 43. Ke3 e5 44. fxe5+ Bxe5 45. Nxe5 Kxe5 46. Ne2 Bd5 47.
Nc3 Bc4 48. h4 Bb3 49. Kd3 f4 50. gxf4+ Kxf4 {(and...)} 0-1

[Event "Mechanics' Winter TNM; 30/90, SD/30"]
[Site "San Francisco"]
[Date "2015.01.20"]
[Round "3.6"]
[White "Grey, Peter"]
[Black "Lee, Andy"]
[Result "0-1"]
[WhiteElo "2006"]
[BlackElo "2386"]
[Annotator "Donaldson"]
[PlyCount "90"]
[EventDate "2015.??.??"]

1. Nf3 Nc6 2. e4 e5 3. Bb5 a6 4. Ba4 Nf6 5. O-O b5 6. Bb3 Bc5 7. c3 d6 8. d4
Bb6 9. a4 Rb8 10. axb5 axb5 11. h3 O-O 12. Re1 h6 13. Qd3 Bb7 14. Nbd2 Re8 15.
d5 Ne7 16. Nf1 c6 17. dxc6 Bxc6 18. Ng3 Qc7 19. Be3 d5 20. Bxb6 Rxb6 21. exd5
Nexd5 22. Qd2 Nf4 23. Re3 N6d5 24. Bxd5 Nxd5 25. Ree1 Nf4 26. Qe3 Bb7 27. Ne4
Rg6 28. Nh4 Nxg2 29. Nxg2 f5 30. f3 fxe4 31. fxe4 Qc6 32. Kh2 Rf8 33. Re2 Kh7
34. Nh4 Rgf6 35. Nf5 Bc8 36. Ne7 Qe6 37. Nf5 (37. Nxc8 Rf3) 37... Qc4 38. Rf1
Bxf5 39. exf5 Rxf5 40. Rxf5 Rxf5 41. Rf2 (41. Qe4) 41... Rxf2+ 42. Qxf2 Qf4+
43. Qxf4 exf4 44. h4 g5 45. Kh3 Kg6 0-1

[Event "Mechanics' Winter TNM; 30/90, SD/30"]
[Site "San Francisco"]
[Date "2015.02.03"]
[Round "5.16"]
[White "Grey, Peter"]
[Black "Matz, James"]
[Result "1-0"]
[WhiteElo "2006"]
[BlackElo "1734"]
[PlyCount "31"]
[EventDate "2015.??.??"]

1. e4 e6 2. Nc3 d5 3. Nf3 dxe4 4. Nxe4 Be7 5. d4 Nf6 6. Bd3 O-O 7. c3 Nbd7 8.
Qe2 c5 9. dxc5 Nxc5 10. Nxc5 Bxc5 11. Bg5 Be7 12. O-O-O Nd5 13. Bxe7 Qxe7 {
Diagram #} 14. Bxh7+ $1 Kxh7 15. Rxd5 Bd7 $4 16. Qd3+ 1-0

[Event "Mechanics' Spring TNM; G/2"]
[Site "San Francisco"]
[Date "2015.04.28"]
[Round "7.12"]
[White "Grey, Peter"]
[Black "Porlares, Teodoro"]
[Result "1-0"]
[WhiteElo "2000"]
[BlackElo "1847"]
[PlyCount "59"]
[EventDate "2015.??.??"]

1. d4 Nf6 2. c4 g6 3. Nf3 Bg7 4. g3 O-O 5. Bg2 d5 6. cxd5 Nxd5 7. O-O Nc6 8. e4
Nf6 9. d5 Nb8 10. Nc3 c6 11. Be3 cxd5 12. exd5 Na6 13. Qb3 Qa5 14. Rfd1 Rd8 15.
Nd4 Bg4 16. Rd2 Qb4 17. h3 Bd7 18. Qxb4 Nxb4 19. a3 Na6 20. Ndb5 Ne8 21. d6 Bc6
22. dxe7 Rxd2 23. Bxd2 Bxg2 24. Kxg2 f5 25. Be3 b6 26. Rd1 Nac7 27. Nxc7 Nxc7
28. Rd8+ Kf7 29. e8=Q+ Nxe8 30. Rxa8 1-0

[Event "Mechanics' Spring TNM; G/2"]
[Site "San Francisco"]
[Date "2015.03.24"]
[Round "2.19"]
[White "Grey, Peter"]
[Black "Reyes, Robert"]
[Result "1-0"]
[WhiteElo "2000"]
[BlackElo "1681"]
[PlyCount "59"]
[EventDate "2015.??.??"]

1. Nf3 Nf6 2. c4 g6 3. d4 Bg7 4. g3 O-O 5. Bg2 d5 6. cxd5 Nxd5 7. O-O Nc6 8. e4
Nb6 9. d5 Ne5 10. Nxe5 Bxe5 11. Nc3 c6 12. a4 a5 13. Qb3 cxd5 14. exd5 Bxc3 15.
bxc3 Qc7 16. Rd1 Bd7 17. Bf4 Qd8 18. Be3 Nc8 19. c4 b6 20. Bh6 Re8 21. Qc3 f6
22. d6 Ra7 23. dxe7 Qxe7 24. Re1 Be6 25. Rxe6 Qxe6 26. Bd5 Qxd5 27. cxd5 Rae7
28. Qxf6 Rf7 29. Qc6 Rfe7 30. d6 1-0

[Event "Mechanics' Fall TNM; G/2"]
[Site "San Francisco"]
[Date "2015.10.20"]
[Round "1.18"]
[White "Grey, Peter G"]
[Black "Brown, Nicholas M"]
[Result "1-0"]
[WhiteElo "2000"]
[BlackElo "1451"]
[Annotator "Donaldson"]
[PlyCount "65"]
[EventDate "2015.??.??"]

1. Nf3 d5 2. d4 e6 3. g3 Nf6 4. Bg2 c5 5. O-O Nc6 6. c4 cxd4 7. Nxd4 Bc5 8. Nb3
(8. Nxc6 bxc6 9. Qc2 Be7 10. Rd1 O-O 11. Nc3 {
aiming for e4 was another way to treat the position.}) 8... Bb6 9. cxd5 Nxd5
10. e4 (10. Na3 {intending Nc4 is theory's favorite.}) 10... Nde7 $2 (10...
Ndb4 {was more energetic.}) 11. Qxd8+ Bxd8 12. Nc3 a6 13. Be3 Bc7 14. Rac1 O-O
15. f4 f6 16. Rfd1 e5 (16... Kf7) 17. Nd5 Bd8 18. Nb6 (18. f5 $1) 18... Bxb6
19. Bxb6 Be6 (19... Bg4) 20. Rc3 Bxb3 21. Rxb3 Nc8 22. Bc5 Re8 (22... Rf7 23.
Bf1 (23. Bh3 Rc7) 23... b5 24. Bh3 Rc7 25. Be6+ Kh8 26. Rbd3) 23. Rxb7 Nd8 24.
Rbd7 Ne6 25. Be3 exf4 26. gxf4 Rb8 27. b3 Re7 28. Bh3 Nf8 29. Rd8 Kf7 30. Rxc8
Rxc8 31. Bxc8 Rxe4 32. Kf2 Re8 33. Bxa6 1-0

[Event "Mechanics' Leighton Allen TNM; G/2"]
[Site "San Francisco"]
[Date "2015.09.29"]
[Round "9.2"]
[White "Grey, Peter G"]
[Black "Byambaa, Uyanga"]
[Result "1/2-1/2"]
[WhiteElo "2000"]
[BlackElo "2195"]
[Annotator "Donaldson"]
[PlyCount "63"]
[EventDate "2015.??.??"]

1. d4 Nf6 2. c4 g6 3. Nf3 Bg7 4. g3 O-O 5. Bg2 d6 6. O-O c6 7. Nc3 Qa5 8. e4
Bg4 9. h3 Bxf3 10. Bxf3 e5 11. Be3 Nbd7 12. Rc1 h5 13. d5 cxd5 14. cxd5 Rfc8
15. a3 (15. g4 hxg4 16. hxg4 Nh7 17. g5 {
with the idea of activating the bishop on g4 was another idea.}) (15. Qe2)
15... a6 16. Qa4 Qd8 (16... Qxa4 17. Nxa4 b5 $11) 17. Qb4 b5 18. Qb3 Nb6 (18...
Qf8 {intending ...Bh6 to get rid of the bad bishop.}) 19. Rc2 Nc4 20. Bc1 Nd7
21. Qa2 Nc5 22. b3 Nb6 23. Be3 Qd7 24. h4 (24. b4 Nca4 25. Nxa4 Nxa4 26. Rfc1
Qxh3 27. Rxc8+ Rxc8 28. Rc6 {intending Qc2 was an interesting pawn sacrifice
to grab the c-file or a big passed pawn on c6.}) 24... Bf6 $2 (24... a5 $11)
25. b4 $1 Nca4 26. Nxa4 Nxa4 27. Rfc1 {White threatens to put a rook on c6.}
Rxc2 28. Qxc2 Qd8 (28... Bd8 {intending Bb6} 29. Qc6 Qxc6 30. Rxc6 $18) 29. Qc7
(29. Qc6 {was also quite strong.}) 29... Nb2 30. Qxd8+ Rxd8 31. Be2 $1 Kf8 32.
Rc2 (32. Rc6 {was also very powerful. After the text White should be winning
with careful play but White, at age 80 and having lost his first three games
to NM Byambaa, prefers to make sure he gets on the scoreboard.}) 1/2-1/2

[Event "Mechanics' Summer TNM; G/2"]
[Site "San Francisco"]
[Date "2015.06.02"]
[Round "2.13"]
[White "Grey, Peter G"]
[Black "Cole, Tony"]
[Result "1-0"]
[WhiteElo "2000"]
[BlackElo "1460"]
[PlyCount "31"]
[EventDate "2015.??.??"]

1. e4 e5 2. Nf3 Nc6 3. Bb5 Nge7 4. Nc3 a6 5. Ba4 (5. Bc4 $5) 5... d6 6. d3 Bg4
7. h3 Bh5 8. g4 Bg6 9. Nh4 Qd7 10. Be3 O-O-O 11. Qf3 f6 12. Bb3 Kb8 13. a3 h6
14. Nxg6 Nxg6 15. h4 Na7 16. O-O-O {Remaining moves illegible.} 1-0

[Event "Mechanics' Leighton Allen TNM; G/2"]
[Site "San Francisco"]
[Date "2015.09.01"]
[Round "5.8"]
[White "Grey, Peter G"]
[Black "Kokesh, Tim"]
[Result "1-0"]
[WhiteElo "2000"]
[BlackElo "2052"]
[Annotator "Donaldson"]
[PlyCount "67"]
[EventDate "2015.??.??"]

1. Nf3 c5 2. c4 Nc6 3. Nc3 e6 4. g3 Nf6 5. Bg2 Be7 6. O-O O-O 7. d4 cxd4 (7...
d5) 8. Nxd4 Qc7 (8... a6) 9. Ndb5 Qa5 10. Bf4 a6 11. Nd6 (11. Bc7 Qb4 12. Bd6
Qxc4 (12... Bxd6 13. Nxd6 Ne8 14. Nxe8 Rxe8 15. Qb3 Qxb3 16. axb3) 13. Bxc6 (
13. b3 Qg4 14. Bxc6 dxc6 15. Bxe7)) 11... Qb4 (11... Qc5 12. Na4) (11... g5 12.
Bc1) 12. Na4 (12. a3 Qxb2 13. Na4 Qd4 14. Bxc6 Qxd1 15. Rfxd1 bxc6 16. Nb6 Rb8
17. Rab1 Bb7 18. Nxd7 Nxd7 19. Nxb7) 12... Nh5 $2 13. a3 Qa5 14. Be3 (14. b4
Qd8 15. Be3) 14... Bxd6 15. Nb6 (15. Bb6 Qe5 (15... Qf5 16. Qxd6) 16. f4) 15...
Qe5 16. Nxa8 Bc5 17. Bxc5 Qxc5 18. e3 (18. b4 Qa7 19. Nc7) 18... Nf6 19. Qb3 b5
20. cxb5 axb5 21. Nc7 Na5 22. Qc3 Qb6 23. Rfc1 d5 24. Bf1 Bd7 25. Qb4 Rb8 26.
Nxb5 Ne4 27. a4 Nc6 28. Qe1 Na5 29. Qd1 Nc5 30. Ra3 Nc4 31. Bxc4 dxc4 32. Rxc4
Nxa4 33. Qxd7 Nc5 34. Qd4 1-0

[Event "Mechanics' Fall TNM; G/2"]
[Site "San Francisco"]
[Date "2015.11.17"]
[Round "5.12"]
[White "Grey, Peter G"]
[Black "Lourme, Nicholas R"]
[Result "0-1"]
[WhiteElo "2000"]
[BlackElo "1668"]
[Annotator "Donaldson"]
[PlyCount "28"]
[EventDate "2015.??.??"]

1. c4 c6 2. Nf3 d5 3. e3 e6 4. Nc3 Nf6 5. b3 Bd6 6. d4 O-O 7. Qc2 Nbd7 8. Be2
e5 9. cxd5 cxd5 10. dxe5 Nxe5 11. h3 $2 (11. O-O) (11. Bb2) 11... Be6 12. Bb2 (
12. O-O Rc8 13. Bb2 Ne4 14. Rac1 Nxc3 15. Bxc3 Nxf3+ 16. Bxf3 Ba3 {
wins the exchange.}) 12... Rc8 13. Nxe5 $2 (13. Qd2) 13... Bxe5 14. Qd3 Qa5 0-1

[Event "Mechanics' Summer TNM; G/2"]
[Site "San Francisco"]
[Date "2015.06.16"]
[Round "4.10"]
[White "Grey, Peter G"]
[Black "Marcus, Joel"]
[Result "1-0"]
[WhiteElo "2000"]
[BlackElo "1820"]
[PlyCount "81"]
[EventDate "2015.??.??"]

1. Nf3 Nf6 2. c4 e6 3. g3 d5 4. Bg2 c6 5. b3 Bc5 6. d4 Bd6 7. O-O Nbd7 8. Nc3
O-O 9. Qc2 e5 10. cxd5 cxd5 11. dxe5 Nxe5 12. Rd1 Be6 13. Nd4 Rc8 14. Qb2 Bb4
15. Bd2 Nc6 16. Ncb5 Bxd2 17. Qxd2 Qd7 18. Rac1 Bh3 19. Qf4 Bxg2 20. Kxg2 Nxd4
21. Nxd4 Rfe8 22. Rxc8 Qxc8 23. Rc1 Qd8 24. Qc7 h6 25. Qxd8 Rxd8 26. Rc7 Rb8
27. Nf5 Ne8 28. Rd7 Nf6 29. Rd6 Rc8 30. Nd4 Rc1 31. Rd8+ Kh7 32. Rb8 Rd1 33. e3
Rd2 34. Rxb7 Ne4 35. Rxf7 Kg6 36. Rxa7 Nxf2 37. Kf3 Ne4 38. Kf4 Rxh2 39. Ra6+
Kf7 40. Nf5 Rf2+ 41. Ke5 1-0

[Event "Mechanics' Summer TNM; G/2"]
[Site "San Francisco"]
[Date "2015.07.14"]
[Round "8.10"]
[White "Grey, Peter G"]
[Black "Newey, Richard H"]
[Result "1/2-1/2"]
[WhiteElo "2000"]
[BlackElo "1795"]
[PlyCount "38"]
[EventDate "2015.??.??"]

1. d4 d5 2. Nf3 Nf6 3. c4 e6 4. g3 dxc4 5. Bg2 Nbd7 6. O-O Rb8 7. a4 a5 8. Nc3
Bb4 9. Qc2 Nb6 10. e4 O-O 11. Bf4 h6 12. Nb5 Ne8 13. Rfd1 Qe7 14. Ne5 Nd6 15.
Nxd6 Bxd6 16. Nxc4 Nxc4 17. Qxc4 Bxf4 18. gxf4 b6 19. Rac1 Rb7 1/2-1/2

[Event "Mechanics' Leighton Allen TNM; G/2"]
[Site "San Francisco"]
[Date "2015.09.15"]
[Round "7.7"]
[White "Grey, Peter G"]
[Black "Porlares, Teodoro"]
[Result "1-0"]
[WhiteElo "2000"]
[BlackElo "1849"]
[Annotator "Donaldson"]
[PlyCount "105"]
[EventDate "2015.??.??"]

1. d4 Nf6 2. c4 g6 3. Nc3 Bg7 4. Nf3 d6 5. g3 O-O 6. Bg2 c6 7. O-O Na6 8. e4
Qc7 9. h3 e5 10. Be3 Ne8 11. Qd2 f5 12. Rad1 Qf7 13. Qe2 f4 14. gxf4 exf4 15.
Bc1 h6 16. e5 g5 17. Rfe1 dxe5 18. Nxe5 Bxe5 19. Qxe5 Qh5 20. Bxf4 Rxf4 21.
Qxe8+ Qxe8 22. Rxe8+ Rf8 23. Rxf8+ Kxf8 24. d5 Rb8 25. Kh2 Bf5 26. b3 cxd5 27.
Nxd5 Nc5 28. Ne3 Be6 29. b4 Nd7 30. a3 b6 31. Bd5 Ke7 32. Kg3 Nf6 33. Bg2 Nh5+
34. Kh2 Nf4 35. Nd5+ Bxd5 36. Bxd5 Rd8 37. Bf3 Rxd1 38. Bxd1 Kd6 39. Kg3 Ke5
40. h4 Kd4 41. hxg5 hxg5 42. Kg4 Kxc4 43. f3 Ne6 44. Kf5 Nd4+ 45. Kxg5 Nxf3+
46. Bxf3 Kb3 (46... a5 47. bxa5 bxa5 48. a4 $18) 47. b5 Kxa3 48. Kf5 Kb4 49.
Be2 Kc5 50. Ke6 a6 51. bxa6 Kc6 52. Bf3+ Kc7 53. a7 1-0

[Event "Mechanics' Summer TNM; G/2"]
[Site "San Francisco"]
[Date "2015.06.30"]
[Round "6.11"]
[White "Grey, Peter G"]
[Black "Raza, Aezed"]
[Result "1-0"]
[WhiteElo "2000"]
[BlackElo "1697"]
[PlyCount "80"]
[EventDate "2015.??.??"]

1. d4 Nf6 2. c4 g6 3. Nc3 Bg7 4. Nf3 d6 5. g3 O-O 6. Bg2 a5 7. O-O Na6 8. e4 c5
9. d5 Bd7 10. h3 Rb8 11. a4 Qc8 12. Kh2 Nc7 13. Bf4 Nh5 14. Be3 b6 15. Qd2 Rd8
16. Bh6 Bh8 17. g4 Nf6 18. Rac1 Nfe8 19. b3 e6 20. Rfe1 e5 21. Bg5 Bf6 22. Bxf6
Nxf6 23. Qg5 Kg7 24. Qh4 Rh8 25. Qg3 Qd8 26. Nh4 Qe7 27. Bf3 Rbg8 28. Rg1 Kf8
29. Ng2 Nfe8 30. Ne3 Ng7 31. Qg2 f5 32. Qf1 Ke8 33. Qe2 Kd8 34. gxf5 gxf5 35.
exf5 Nxf5 36. Nxf5 Bxf5 37. Bg4 Rf8 38. f3 Ne8 39. Ne4 Bxg4 40. fxg4 Rf4 {
The scoresheets end here. White went on to win.} 1-0

[Event "Mechanics' Fall TNM; G/2"]
[Site "San Francisco"]
[Date "2015.11.03"]
[Round "3.18"]
[White "Grey, Peter G"]
[Black "Starr, Albert Mart"]
[Result "1-0"]
[WhiteElo "2000"]
[BlackElo "1500"]
[PlyCount "83"]
[EventDate "2015.??.??"]

1. e4 e5 2. Nf3 Nf6 3. Nxe5 d6 4. Nf3 Nxe4 5. Nc3 Nxc3 6. dxc3 Be7 7. Be3 Nc6
8. Qd2 O-O 9. O-O-O Bg4 10. Kb1 Bxf3 11. gxf3 Ne5 12. Be2 a6 13. Rhg1 g6 14. f4
Nc6 15. f5 Ne5 16. Bh6 Re8 17. f4 Nc6 18. fxg6 fxg6 19. Bc4+ Kh8 20. Bf7 Bf6
21. Bxe8 Qxe8 22. Rde1 Qf7 23. Qe2 Ne7 24. Qe6 Qxe6 25. Rxe6 Bh4 26. Bg5 Nf5
27. Bxh4 Nxh4 28. Rge1 b5 29. Re8+ Rxe8 30. Rxe8+ Kg7 31. Re7+ Kf6 32. Rxh7 Ng2
33. Rxc7 Nxf4 34. Kc1 a5 35. Kd2 g5 36. Rb7 Ke5 37. Rxb5+ d5 38. Rxa5 Ke4 39.
Ra8 Kf3 40. Rg8 g4 41. a4 Ne6 42. a5 1-0

[Event "Mechanics' Leighton Allen TNM; G/2"]
[Site "San Francisco"]
[Date "2015.08.10"]
[Round "2.3"]
[White "Grey, Peter G"]
[Black "Wong, Russell"]
[Result "0-1"]
[WhiteElo "2000"]
[BlackElo "2205"]
[Annotator "Donaldson"]
[PlyCount "34"]
[EventDate "2015.??.??"]

1. Nf3 g6 2. d4 Bg7 3. e4 d6 4. Bc4 Nf6 5. Qe2 Bg4 6. e5 dxe5 7. dxe5 Nd5 8.
Qe4 Bxf3 9. Qxf3 e6 10. Nc3 Nxc3 11. Qxc3 Nd7 12. f4 Qh4+ 13. g3 Qe7 14. Be3
O-O-O 15. Bxa7 (15. O-O-O $14) 15... f6 16. Ba6 $4 (16. O-O-O fxe5 17. Qa5 $16)
16... bxa6 17. Qc6 {Diagram #} Qb4+ 0-1

[Event "Mechanics' Summer TNM; G/2"]
[Site "San Francisco"]
[Date "2015.06.16"]
[Round "4.30"]
[White "Gupta, Vishrut"]
[Black "Brown, Nicholas M"]
[Result "1-0"]
[WhiteElo "1613"]
[BlackElo "1446"]
[PlyCount "79"]
[EventDate "2015.??.??"]

1. e4 c5 2. Nc3 Nc6 3. f4 d6 4. Nf3 e6 5. Bb5 Bd7 6. d3 Nf6 7. O-O Be7 8. e5
dxe5 9. fxe5 Nd5 10. Ne4 Qc7 11. c4 Nb6 12. Bf4 O-O-O 13. Nd6+ Bxd6 14. exd6
Qb8 15. a4 f6 16. Bxc6 bxc6 17. a5 Na8 18. Qd2 e5 19. Nxe5 fxe5 20. Bxe5 Rhg8
21. Rab1 Rde8 22. Bg3 Qb4 23. Qxb4 cxb4 24. c5 g6 25. d4 Bf5 26. Rbe1 Kd7 27.
Be5 b3 28. Rf3 Rb8 29. h3 Rge8 30. g4 Be6 31. Rfe3 Rb5 32. Ra1 Bd5 33. Kf2 Rf8+
34. Kg3 Rf7 35. Bf4 Rb4 36. Rae1 Rxd4 37. Re7+ Rxe7 38. Rxe7+ Kd8 39. Bg5 h6
40. Re4+ 1-0

[Event "Mechanics' Winter TNM; 30/90, SD/30"]
[Site "San Francisco"]
[Date "2015.02.17"]
[Round "7.26"]
[White "Gupta, Vishrut"]
[Black "Chalissery, Jossy"]
[Result "1-0"]
[WhiteElo "1547"]
[BlackElo "1706"]
[PlyCount "105"]
[EventDate "2015.??.??"]

1. e4 d5 2. exd5 Qxd5 3. Nc3 Qa5 4. d4 Nf6 5. Nf3 c6 6. Bd3 Bg4 7. O-O e6 8.
Bd2 Nbd7 9. h3 Bh5 10. Ne4 Qc7 11. Ng3 Bg6 12. Bg5 Bd6 13. Bh4 Bxd3 14. Qxd3 h6
15. Bxf6 Nxf6 16. Ne4 Be7 17. Ne5 O-O 18. f4 Nxe4 19. Qxe4 Rfd8 20. f5 exf5 21.
Rxf5 Bf6 22. Qg4 Bxe5 23. dxe5 Re8 24. Raf1 Re7 25. Qc4 Rd8 26. Qc5 Qb6 27.
Qxb6 axb6 28. Re1 Rd2 29. Rf2 Rd5 30. Rfe2 Re6 31. Kf2 b5 32. Re3 b6 33. Kg3 c5
34. Kf4 Kh7 35. Rd3 Rxd3 36. cxd3 Kg6 37. g4 Re7 38. a3 Re6 39. h4 Kh7 40. b4
c4 41. d4 Re8 42. Ke4 Rc8 43. d5 c3 44. Rc1 Rc4+ 45. Kf5 g6+ 46. Kf6 Kg8 47.
Ke7 Rc7+ 48. Kd8 Rc4 49. d6 Re4 50. Rxc3 Rxe5 51. d7 Kf8 52. Kc8 g5 53. d8=Q+
1-0

[Event "Mechanics' Spring TNM; G/2"]
[Site "San Francisco"]
[Date "2015.04.14"]
[Round "5.33"]
[White "Gupta, Vishrut"]
[Black "Chalissery, Jossy"]
[Result "1-0"]
[WhiteElo "1547"]
[BlackElo "1706"]
[PlyCount "63"]
[EventDate "2015.??.??"]

1. e4 e5 2. Nf3 Nc6 3. Bb5 a6 4. Bxc6 dxc6 5. Nc3 Bd6 6. d4 exd4 7. Qxd4 Nf6 8.
e5 Qe7 9. Be3 c5 10. Qa4+ Bd7 11. exd6 cxd6 12. Qh4 h6 13. O-O-O O-O-O 14. Nd5
Nxd5 15. Rxd5 g5 16. Qg3 Bc6 17. Rd2 f6 18. Re1 Qc7 19. Red1 Qa5 20. Kb1 d5 21.
Re2 d4 22. Bd2 Qb5 23. Rde1 d3 24. Re7 dxc2+ 25. Kc1 Bd7 26. Qd6 f5 27. Ne5
Rhe8 28. Nxd7 Rxe7 29. Nb6+ Qxb6 30. Qxb6 Rxe1+ 31. Bxe1 Rd1+ 32. Kxc2 1-0

[Event "Mechanics' Leighton Allen TNM; G/2"]
[Site "San Francisco"]
[Date "2015.09.22"]
[Round "8.18"]
[White "Gupta, Vishrut"]
[Black "Delaney, Will Fred"]
[Result "0-1"]
[WhiteElo "1608"]
[BlackElo "1800"]
[PlyCount "64"]
[EventDate "2015.??.??"]

1. c4 Nf6 2. g3 g6 3. d4 Bg7 4. Nc3 d6 5. e4 O-O 6. Nf3 c5 7. d5 Nbd7 8. Bg2
Ng4 9. Bd2 a6 10. h3 Nge5 11. Qe2 b5 12. b3 Nxf3+ 13. Bxf3 b4 14. Rc1 bxc3 15.
Bxc3 Bxc3+ 16. Rxc3 a5 17. O-O a4 18. h4 Ne5 19. Bg2 h5 20. f4 Ng4 21. Bh3 Qa5
22. Qd2 axb3 23. axb3 Qa2 24. Qxa2 Rxa2 25. Bxg4 Bxg4 26. Rf2 Rfa8 27. e5 Rxf2
28. Kxf2 Ra2+ 29. Ke3 Re2+ 30. Kd3 Rg2 31. Ke4 Re2+ 32. Kd3 dxe5 0-1

[Event "Mechanics' Summer TNM; G/2"]
[Site "San Francisco"]
[Date "2015.07.14"]
[Round "8.30"]
[White "Gupta, Vishrut"]
[Black "Eastham, Asher Dan"]
[Result "1/2-1/2"]
[WhiteElo "1613"]
[BlackElo "1433"]
[Annotator "Donaldson"]
[PlyCount "108"]
[EventDate "2015.??.??"]

1. e4 e5 2. Nf3 Nc6 3. Bb5 a6 4. Bxc6 dxc6 5. O-O f6 6. d4 exd4 7. Qxd4 Qxd4 8.
Nxd4 Bd6 9. Be3 Ne7 10. Nd2 c5 11. N4b3 b6 12. Nc4 Bb7 13. f3 O-O 14. Rfd1 Rad8
15. a4 a5 16. Nxd6 cxd6 17. c4 Ng6 18. g4 Rfe8 19. Nd2 d5 20. cxd5 Bxd5 21.
Bxc5 bxc5 22. exd5 Rxd5 23. Ne4 Rde5 24. Rac1 Nh4 25. Kf2 f5 26. Nd6 Rb8 27.
Nc4 Re7 28. g5 f4 29. Rd5 Rb3 30. Rc3 Rb4 31. b3 Rb8 32. Nxa5 Rbe8 33. Rd2 Re1
34. Rc4 Rh1 35. Rd3 Rxh2+ 36. Kg1 {Diagram #} Rg2+ $2 (36... Rb2 37. Kf1 Nf5
38. Rxf4 Ng3+ 39. Kg1 Re1#) 37. Kf1 Rxg5 38. Rxf4 Ng6 39. Re4 Rge5 40. Rde3 Kf7
41. Nb7 R8e7 42. Rxe5 Rxe5 43. Rxe5 Nxe5 44. a5 c4 45. Nd6+ Ke6 46. Nxc4 Nc6
47. Kf2 Nb4 48. Ke3 Kf5 49. Nb2 h5 50. Nd3 Nd5+ 51. Kf2 g5 52. b4 Nc7 53. Nc5
Ke5 54. Ke3 Nd5+ 1/2-1/2

[Event "Mechanics' Leighton Allen TNM; G/2"]
[Site "San Francisco"]
[Date "2015.09.08"]
[Round "6.15"]
[White "Gupta, Vishrut"]
[Black "Gaffagan, Steven"]
[Result "0-1"]
[WhiteElo "1608"]
[BlackElo "2113"]
[PlyCount "42"]
[EventDate "2015.??.??"]

1. c4 b6 2. d4 e6 3. Nc3 Bb7 4. e3 f5 5. Nf3 Nf6 6. g3 Bb4 7. Bg2 O-O 8. O-O
Bxc3 9. bxc3 d6 10. Qb3 Qe7 11. a4 Nbd7 12. a5 Be4 13. Ng5 Bxg2 14. Kxg2 h6 15.
Nf3 Qf7 16. axb6 axb6 17. Bb2 Ne4 18. Rxa8 Rxa8 19. Ra1 Rxa1 20. Bxa1 Qh5 $17
21. c5 $2 Qxf3+ 0-1